000 00653nam a2200193 i 4500
001 69268
003 ES-MaACL
005 20251114120704.0
007 t|
008 040702s1953 sp ||||1| spa d
100 1 _aGarcía Aráez, Josefina.
_954172
245 1 0 _aDon Salvador Bermúdez de Castro /
_cpor Josefina García Aráez.
260 _aMadrid :
_b[s.n.,
_c1953]
300 _a48 p. ;
_c24 cm.
500 _aEs separata de: Revista de Literatura (Fasc. 7, julio-septiembre-1953. p. 73-120)
600 1 4 _aLema, Salvador Bermúdez de Castro y O'Lawlor,
_cMarqués de
_971444
852 _aES-MaACL
_j1973-F-7
999 _c69268
_d69268